[Event "Oberliga Ost-B 2324"]
[Site "Germany"]
[Date "2024.03.16"]
[Round "8.8"]
[White "Di Capua, Francesco Stefano"]
[Black "Tiggemann, Felix"]
[Result "1-0"]
[WhiteElo "1993"]
[BlackElo "1796"]
[PlyCount "33"]
[EventDate "2023.10.22"]
[EventType "team-tourn"]
[EventRounds "11"]
[EventCountry "GER"]
[SourceTitle "EXT 2025"]
[Source "ChessBase"]
[SourceDate "2024.10.14"]
[SourceVersion "1"]
[SourceVersionDate "2024.10.14"]
[SourceQuality "1"]
[WhiteTeam "Gernsheim"]
[BlackTeam "Schoeneck"]
[WhiteTeamCountry "GER"]
[BlackTeamCountry "GER"]

1. e4 e6 2. b3 d5 3. Bb2 dxe4 4. Nc3 Nf6 5. Qe2 Bb4 6. 0-0-0 Bxc3 7. dxc3 Qe7 8. g4 h6 9. Bg2 Bd7 10. h4 e5 11. g5 hxg5 12. hxg5 Nh7 13. Bxe4 Qxg5+ 14. Kb1 Nc6 15. Rh5 Bg4 16. Bxc6+ bxc6 17. Rxg5 1-0

[Event "Hessen-chB"]
[Site "Frankfurt"]
[Date "2019.05.30"]
[Round "1"]
[White "Tiggemann, Felix"]
[Black "Muenstermann, Matthias"]
[Result "0-1"]
[WhiteElo "1574"]
[BlackElo "1783"]
[PlyCount "52"]
[EventDate "2019.05.30"]
[EventType "swiss"]
[EventRounds "7"]
[EventCountry "GER"]
[SourceTitle "EXT 2020"]
[Source "ChessBase"]
[SourceDate "2019.10.17"]
[SourceVersion "1"]
[SourceVersionDate "2019.10.17"]
[SourceQuality "1"]

1. e4 c5 2. d4 cxd4 3. Qxd4 Nc6 4. Qd1 d6 5. c4 Nf6 6. Nc3 g6 7. Be2 Bg7 8. Be3 0-0 9. Nf3 a6 10. Nd4 e6 11. Qd2 d5 12. cxd5 exd5 13. exd5 Nxd5 14. Nxd5 Nxd4 15. Bc4 Nf5 16. Bb6 Qe8+ 17. Be2 Qe4 18. Nc7 Bh6 19. Qc3 Nh4 20. f3 Nxg2+ 21. Kf2 Qh4+ 22. Kxg2 Bh3+ 23. Kg1 Qg5+ 24. Kf2 Qg2+ 25. Ke1 Qxh1+ 26. Bf1 Qxf1# 0-1

[Event "GER-chT U14"]
[Site "Magdeburg"]
[Date "2018.12.28"]
[Round "4.2"]
[White "Tiggemann, Felix"]
[Black "Kravtsov, Maksim"]
[Result "0-1"]
[WhiteElo "1510"]
[BlackElo "1861"]
[PlyCount "74"]
[EventDate "2018.12.27"]
[EventType "team-swiss"]
[EventRounds "7"]
[EventCountry "GER"]
[SourceTitle "CBM 188 Extra"]
[Source "ChessBase"]
[SourceDate "2019.02.28"]
[SourceVersion "1"]
[SourceVersionDate "2019.02.28"]
[SourceQuality "1"]
[WhiteTeam "Schoeneck"]
[BlackTeam "Karlsruhe SF"]
[WhiteTeamCountry "GER"]
[BlackTeamCountry "GER"]

1. e4 e6 2. d4 d5 3. e5 c5 4. c3 Nc6 5. Nf3 Qb6 6. Nbd2 Bd7 7. Nb3 c4 8. Nbd2 f6 9. Be2 fxe5 10. Nxe5 Nxe5 11. dxe5 g6 12. f4 Bc5 13. Nf3 Bf2+ 14. Kf1 Ne7 15. Nd4 Bxd4 16. Qxd4 Qxd4 17. cxd4 Nf5 18. Bd2 Nxd4 19. Rc1 0-0 20. Be3 Nc6 21. b3 b5 22. Bd1 Nxe5 23. Kg1 Nd3 24. Rb1 Nxf4 25. bxc4 bxc4 26. Rb7 Bc8 27. Re7 Ba6 28. g3 Nd3 29. Rxe6 Rae8 30. Bg4 Bc8 31. Rxe8 Rxe8 32. Bxc8 Rxc8 33. Kf1 a6 34. Ke2 Kf7 35. Kf3 Ne5+ 36. Kf4 g5+ 37. Kf5 Nf3 0-1

[Event "Heusenstamm Sparkassen op-B 5th"]
[Site "Heusenstamm"]
[Date "2018.11.24"]
[Round "5"]
[White "Solovej, Philip"]
[Black "Tiggemann, Felix"]
[Result "1/2-1/2"]
[WhiteElo "1131"]
[BlackElo "1514"]
[PlyCount "130"]
[EventDate "2018.11.22"]
[EventType "swiss"]
[EventRounds "7"]
[EventCountry "GER"]
[SourceTitle "CBM 187 Extra"]
[Source "ChessBase"]
[SourceDate "2018.11.04"]
[SourceVersion "1"]
[SourceVersionDate "2018.11.04"]
[SourceQuality "1"]

1. e4 e6 2. Nf3 d5 3. exd5 exd5 4. d4 Bd6 5. Bd3 Ne7 6. Nc3 c6 7. Be3 Bf5 8. Bxf5 Nxf5 9. Qd3 Nxe3 10. fxe3 Nd7 11. 0-0 Qc7 12. g3 f6 13. Rfe1 0-0-0 14. a3 g5 15. b4 Bxg3 16. Re2 Bd6 17. b5 g4 18. Nh4 g3 19. hxg3 Bxg3 20. Nf5 Nb6 21. bxc6 bxc6 22. Qa6+ Kd7 23. Rg2 Rhg8 24. e4 Ke6 25. Rf1 Bh2+ 26. Kh1 Rxg2 27. Kxg2 Rg8+ 28. Kh1 Rg5 29. Qd3 Bd6 30. exd5+ cxd5 31. Nb5 Rh5+ 32. Kg2 Rg5+ 33. Kh3 Rh5+ 34. Nh4 Qf7 35. Re1+ Kd7 36. Nxa7 Nc4 37. Qb3 Nxa3 38. Qb7+ Bc7 39. Qc8+ Kd6 40. Qa6+ Kd7 41. Qxa3 f5 42. Qa4+ Kd8 43. Nc6+ Kc8 44. Qa8+ Kd7 45. Re7+ Qxe7 46. Nxe7 Kxe7 47. Qxd5 Ke8 48. Qb5+ Kd8 49. Qe2 Rh6 50. c4 Bd6 51. c5 Be7 52. Qf2 Rxh4+ 53. Qxh4 Bxh4 54. Kxh4 h6 55. Kg3 h5 56. d5 Kd7 57. d6 Kc6 58. Kf4 h4 59. Kf3 Kd7 60. Kg2 f4 61. Kg1 Kc6 62. Kg2 Kd7 63. Kg1 Kc6 64. Kg2 Kd7 65. Kg1 Kc6 1/2-1/2

[Event "Heusenstamm Sparkassen op-B 5th"]
[Site "Heusenstamm"]
[Date "2018.11.23"]
[Round "2"]
[White "Tiggemann, Felix"]
[Black "Chambers, Dominik Keith"]
[Result "1/2-1/2"]
[WhiteElo "1514"]
[BlackElo "1715"]
[PlyCount "56"]
[EventDate "2018.11.22"]
[EventType "swiss"]
[EventRounds "7"]
[EventCountry "GER"]
[SourceTitle "CBM 187 Extra"]
[Source "ChessBase"]
[SourceDate "2018.11.04"]
[SourceVersion "1"]
[SourceVersionDate "2018.11.04"]
[SourceQuality "1"]

1. e4 d5 2. exd5 Qxd5 3. d4 Nf6 4. Nc3 Qd6 5. h3 a6 6. Nf3 b5 7. a3 Bb7 8. Be3 e6 9. Be2 Be7 10. Qd2 Nc6 11. Rd1 b4 12. axb4 Nxb4 13. Bf4 Qd8 14. Be5 Nbd5 15. Nxd5 Bxd5 16. 0-0 Ne4 17. Qa5 Bd6 18. Bxd6 Qxd6 19. Nd2 Nf6 20. Bf3 0-0 21. Bxd5 Nxd5 22. Rfe1 Qc6 23. Rc1 Nf4 24. f3 Rfd8 25. Nb3 Qc4 26. Qd2 Ng6 27. Qe2 Qd5 28. Qe4 Qg5 1/2-1/2

[Event "Arber op 7th"]
[Site "Bodenmais"]
[Date "2018.08.01"]
[Round "5"]
[White "Heydt, Robert"]
[Black "Tiggemann, Felix"]
[Result "1-0"]
[WhiteElo "1701"]
[BlackElo "1490"]
[PlyCount "111"]
[EventDate "2018.07.28"]
[EventType "swiss"]
[EventRounds "9"]
[EventCountry "GER"]
[SourceTitle "CBM 185 Extra"]
[Source "ChessBase"]
[SourceDate "2018.07.29"]
[SourceVersion "1"]
[SourceVersionDate "2018.07.29"]
[SourceQuality "1"]

1. c4 d5 2. cxd5 Qxd5 3. Nc3 Qd8 4. g3 Nf6 5. Bg2 Bg4 6. Bxb7 Nbd7 7. Bxa8 Qxa8 8. f3 Bf5 9. Qa4 e5 10. d3 Bc5 11. Ne4 Nxe4 12. dxe4 Be6 13. Bd2 Qb7 14. b4 Bd4 15. Rc1 Qb6 16. Qc6 Bxg1 17. Qa8+ Nb8 18. Rc6 Qf2+ 19. Kd1 0-0 20. Rxc7 Qb6 21. Qb7 Rd8 22. Qxb6 Bxb6 23. Rc2 Na6 24. a3 Bb3 25. Kc1 Bxc2 26. Kxc2 Rc8+ 27. Kb2 Bd4+ 28. Kb3 Kf8 29. Rf1 Re8 30. Rc1 Ke7 31. Rc6 Bb6 32. a4 Kd7 33. Rc1 Bd4 34. Rd1 Ke6 35. Rc1 Bb6 36. a5 Rd8 37. axb6 axb6 38. Be3 Ke7 39. Rc6 Rd6 40. Rxd6 Kxd6 41. Bxb6 Kc6 42. Be3 Kb5 43. Bd2 h6 44. h4 Nc7 45. e3 h5 46. f4 g6 47. Bc3 exf4 48. exf4 Ne6 49. Be5 Nd8 50. Bd6 Nc6 51. Kc3 Nd8 52. Kd4 Kc6 53. Bc5 Kd7 54. Ke5 Nb7 55. Kf6 Ke8 56. f5 1-0

[Event "Arber op 7th"]
[Site "Bodenmais"]
[Date "2018.07.31"]
[Round "4"]
[White "Tiggemann, Felix"]
[Black "Kochendoerfer, Juergen"]
[Result "0-1"]
[WhiteElo "1490"]
[BlackElo "1776"]
[PlyCount "92"]
[EventDate "2018.07.28"]
[EventType "swiss"]
[EventRounds "9"]
[EventCountry "GER"]
[SourceTitle "CBM 185 Extra"]
[Source "ChessBase"]
[SourceDate "2018.07.29"]
[SourceVersion "1"]
[SourceVersionDate "2018.07.29"]
[SourceQuality "1"]

1. e4 b6 2. d4 Bb7 3. Nc3 e6 4. Nf3 Bb4 5. Bd2 Bxc3 6. Bxc3 Bxe4 7. Bd3 Nf6 8. Ng5 Bxd3 9. Qxd3 h6 10. Ne4 d5 11. Nxf6+ Qxf6 12. Qb5+ c6 13. Qa4 0-0 14. 0-0-0 b5 15. Qa5 Rc8 16. f3 Nd7 17. Kb1 Nb6 18. b3 Nd7 19. Rhe1 Qg6 20. g4 Nf6 21. h3 Nh7 22. h4 Qf6 23. Rh1 Qxf3 24. Rdg1 Qf6 25. Qb4 a5 26. Qc5 Qd8 27. Bd2 Nf6 28. Qa3 Ne4 29. Be3 Qd6 30. Qxd6 Nxd6 31. g5 h5 32. g6 f6 33. Bf4 Ne4 34. Kb2 c5 35. Be3 c4 36. Rc1 c3+ 37. Ka1 b4 38. Bf4 Rc6 39. Rh2 Re8 40. Rg1 e5 41. dxe5 fxe5 42. Bc1 Ree6 43. Rhg2 Nf6 44. Bg5 Ng4 45. Bd8 Ra6 46. Rd1 Ne3 0-1

[Event "Rhein Main op-B 21st"]
[Site "Bad Homburg"]
[Date "2018.05.31"]
[Round "3"]
[White "Krischak, Werner"]
[Black "Tiggemann, Felix"]
[Result "1-0"]
[WhiteElo "1700"]
[BlackElo "1508"]
[PlyCount "57"]
[EventDate "2018.05.30"]
[EventType "swiss"]
[EventRounds "7"]
[EventCountry "GER"]
[SourceTitle "EXT 2019"]
[Source "ChessBase"]
[SourceDate "2018.10.10"]
[SourceVersion "1"]
[SourceVersionDate "2018.10.10"]
[SourceQuality "1"]

1. d4 d5 2. c4 e6 3. Nc3 c5 4. cxd5 cxd4 5. Qxd4 Nc6 6. Qd1 exd5 7. Qxd5 Be6 8. Qb5 Qd7 9. Nf3 Nf6 10. Bf4 a6 11. Qa4 Nb4 12. Qxd7+ Nxd7 13. Nd4 Rc8 14. Kd2 Nc5 15. e3 Nd7 16. a3 Nd5 17. Bg3 Nxc3 18. bxc3 Nc5 19. f3 Na4 20. Nxe6 fxe6 21. c4 Nb6 22. Rb1 Nxc4+ 23. Bxc4 Rxc4 24. Rxb7 Ra4 25. Rc1 Be7 26. Rc8+ Bd8 27. Bd6 Ra5 28. Re7+ Kf8 29. Rxd8# 1-0

[Event "Rhein Main op-B 21st"]
[Site "Bad Homburg"]
[Date "2018.05.30"]
[Round "1"]
[White "Lehnert, Michael"]
[Black "Tiggemann, Felix"]
[Result "1-0"]
[WhiteElo "1858"]
[BlackElo "1508"]
[PlyCount "85"]
[EventDate "2018.05.30"]
[EventType "swiss"]
[EventRounds "7"]
[EventCountry "GER"]
[SourceTitle "EXT 2019"]
[Source "ChessBase"]
[SourceDate "2018.10.10"]
[SourceVersion "1"]
[SourceVersionDate "2018.10.10"]
[SourceQuality "1"]

1. Nf3 e6 2. e3 d5 3. b3 c5 4. Bb2 Nc6 5. Bb5 Bd7 6. Bxc6 Bxc6 7. 0-0 Bd6 8. Bxg7 f6 9. Bxh8 Qe7 10. Nh4 Qf7 11. Qg4 Be5 12. c3 f5 13. Qh3 Bxh8 14. d4 c4 15. Nd2 b5 16. f4 Nf6 17. Nhf3 Ng4 18. Ne5 Nxe5 19. fxe5 Rc8 20. bxc4 dxc4 21. e4 Qg6 22. exf5 exf5 23. Nf3 Bg7 24. Nh4 Qg4 25. Nxf5 Qxh3 26. Nxg7+ Ke7 27. gxh3 Rg8 28. Rf4 Rxg7+ 29. Rg4 Rxg4+ 30. hxg4 a5 31. a3 Bd7 32. h3 h5 33. gxh5 Bxh3 34. d5 Bf5 35. Re1 b4 36. cxb4 axb4 37. axb4 c3 38. Kf2 c2 39. Ke3 Bg4 40. Kd2 Bxh5 41. Kxc2 Bf7 42. Rd1 Kd7 43. e6+ 1-0

[Event "Rhein Main op-B 20th"]
[Site "Bad Homburg"]
[Date "2017.06.16"]
[Round "4"]
[White "Tiggemann, Felix"]
[Black "Deutsch, Christoph"]
[Result "0-1"]
[WhiteElo "1550"]
[BlackElo "1687"]
[PlyCount "64"]
[EventDate "2017.06.14"]
[EventType "swiss"]
[EventRounds "7"]
[EventCountry "GER"]
[SourceTitle "EXT 2018"]
[Source "ChessBase"]
[SourceDate "2017.10.13"]
[SourceVersion "1"]
[SourceVersionDate "2017.10.13"]
[SourceQuality "1"]

1. e4 e5 2. Nf3 Nc6 3. Bc4 Bc5 4. c3 Nf6 5. d4 exd4 6. e5 d5 7. Bb5 Ne4 8. cxd4 Bb4+ 9. Bd2 Nxd2 10. Nbxd2 Bd7 11. a3 Bxd2+ 12. Qxd2 0-0 13. 0-0 Nxe5 14. Nxe5 Bxb5 15. Rfe1 Bd7 16. Qb4 b6 17. Rac1 f6 18. Nc6 Bxc6 19. Rxc6 Qd7 20. Ree6 Rae8 21. Rxe8 Rxe8 22. Rc1 Kf7 23. Kf1 Re7 24. Re1 Rxe1+ 25. Qxe1 Qb5+ 26. Qe2 Qxe2+ 27. Kxe2 c5 28. b3 c4 29. bxc4 dxc4 30. Kd2 Ke6 31. f3 Kd5 32. Kc3 b5 0-1

[Event "Rhein Main op-B 20th"]
[Site "Bad Homburg"]
[Date "2017.06.14"]
[Round "1"]
[White "Koestler, Peter"]
[Black "Tiggemann, Felix"]
[Result "1-0"]
[WhiteElo "1855"]
[BlackElo "1550"]
[PlyCount "83"]
[EventDate "2017.06.14"]
[EventType "swiss"]
[EventRounds "7"]
[EventCountry "GER"]
[SourceTitle "EXT 2018"]
[Source "ChessBase"]
[SourceDate "2017.10.13"]
[SourceVersion "1"]
[SourceVersionDate "2017.10.13"]
[SourceQuality "1"]

1. d4 d5 2. Nf3 e6 3. Bf4 c5 4. e3 Nc6 5. c3 Qb6 6. Qb3 c4 7. Qc2 Nf6 8. h3 Nh5 9. Bh2 Be7 10. Be2 Na5 11. 0-0 Bd7 12. Nbd2 Rc8 13. Rab1 Nf6 14. Ne5 Bb5 15. b4 Nc6 16. a4 Nxe5 17. dxe5 Bxa4 18. Qxa4+ Nd7 19. e4 Qc6 20. Qxc6 bxc6 21. Ra1 Rc7 22. exd5 cxd5 23. Nf3 0-0 24. Nd4 Nb8 25. Nb5 Rb7 26. Rxa7 Rxa7 27. Nxa7 Bg5 28. f4 Bd8 29. Nb5 Bb6+ 30. Kh1 Be3 31. Bg1 Bxg1 32. Kxg1 Nc6 33. Ra1 Rb8 34. Ra6 Ne7 35. Nd4 Ng6 36. g3 h6 37. Ra7 Nf8 38. Nc6 Rb6 39. Nd4 g6 40. b5 Rb8 41. Bd1 Rc8 42. b6 1-0

[Event "Heusenstamm Sparkassen op-B 3rd"]
[Site "Heusenstamm"]
[Date "2016.11.27"]
[Round "1"]
[White "Meyer Jany, Marcel"]
[Black "Tiggemann, Felix"]
[Result "1-0"]
[WhiteElo "1709"]
[BlackElo "1448"]
[PlyCount "57"]
[EventDate "2016.11.27"]
[EventType "swiss"]
[EventRounds "7"]
[EventCountry "GER"]
[SourceTitle "EXT 2018"]
[Source "ChessBase"]
[SourceDate "2017.10.13"]
[SourceVersion "1"]
[SourceVersionDate "2017.10.13"]
[SourceQuality "1"]

1. d4 d5 2. c4 e6 3. Nc3 Nf6 4. cxd5 exd5 5. Bg5 Nbd7 6. Nxd5 Nxd5 7. Bxd8 Bb4+ 8. Qd2 Bxd2+ 9. Kxd2 Kxd8 10. e4 N5b6 11. Nf3 c5 12. Ng5 Ke7 13. d5 Nf6 14. d6+ Kf8 15. e5 Ne8 16. Ne4 Nd7 17. f4 f6 18. e6 Nb6 19. f5 a6 20. Rd1 Bd7 21. exd7 Nxd7 22. Bc4 b6 23. Rhe1 g6 24. Be6 Rd8 25. Kc2 Kg7 26. Re3 Ne5 27. h3 Nf7 28. d7 Nc7 29. Bxf7 1-0

[Event "Rhein Main op-B 19th"]
[Site "Bad Homburg"]
[Date "2016.05.26"]
[Round "2"]
[White "Tiggemann, Felix"]
[Black "Bischoff, Lars Kim"]
[Result "0-1"]
[WhiteElo "1211"]
[BlackElo "1467"]
[PlyCount "44"]
[EventDate "2016.05.25"]
[EventType "swiss"]
[EventRounds "7"]
[EventCountry "GER"]
[SourceTitle "EXT 2017"]
[Source "ChessBase"]
[SourceDate "2016.10.25"]
[SourceVersion "1"]
[SourceVersionDate "2016.10.25"]
[SourceQuality "1"]

1. e4 e5 2. Nf3 Nc6 3. Bc4 Bc5 4. c3 Nf6 5. d4 exd4 6. e5 Ng4 7. Bxf7+ Kxf7 8. Ng5+ Ke8 9. Qxg4 d6 10. Qf4 Rf8 11. Qh4 dxc3 12. Qxh7 Bxf2+ 13. Kd1 dxe5+ 14. Kc2 Nb4+ 15. Kb3 Qd5+ 16. Kxb4 Bc5+ 17. Kxc3 Qd4+ 18. Kb3 Qb4+ 19. Kc2 Bf5+ 20. Kd1 Rd8+ 21. Bd2 Bxh7 22. Ne6 Qg4+ 0-1

[Event "Rhein Main op-B 19th"]
[Site "Bad Homburg"]
[Date "2016.05.25"]
[Round "1"]
[White "Willenbring, Jens Dirk"]
[Black "Tiggemann, Felix"]
[Result "1-0"]
[WhiteElo "1716"]
[BlackElo "1211"]
[PlyCount "59"]
[EventDate "2016.05.25"]
[EventType "swiss"]
[EventRounds "7"]
[EventCountry "GER"]
[SourceTitle "EXT 2017"]
[Source "ChessBase"]
[SourceDate "2016.10.25"]
[SourceVersion "1"]
[SourceVersionDate "2016.10.25"]
[SourceQuality "1"]

1. d4 d5 2. Nf3 e6 3. Bf4 c5 4. c3 Qb6 5. Qb3 Qxb3 6. axb3 Nc6 7. dxc5 Bxc5 8. b4 Bb6 9. e3 Nf6 10. Nbd2 0-0 11. Be2 Bd7 12. 0-0 Rac8 13. Ne5 Nxe5 14. Bxe5 Ne8 15. Bf3 Bc7 16. Bxc7 Rxc7 17. Rxa7 Bb5 18. Re1 Ba6 19. Be2 Bxe2 20. Rxe2 Nd6 21. Re1 Nb5 22. Ra5 Nd6 23. Rea1 Rcc8 24. Kf1 Nc4 25. Nxc4 dxc4 26. Ke2 b6 27. Ra6 Rb8 28. Rd1 Rb7 29. Rd6 Rfb8 30. b5 1-0